[Event "BCF-ch U18 58th"]
[Site "Blackpool"]
[Date "1971.08.13"]
[Round "5"]
[White "Saunders, John C"]
[Black "Haley, SC."]
[Result "1-0"]
[WhiteElo "1895"]
[BlackElo "1800"]
[PlyCount "49"]
[EventDate "1971.08.09"]
[EventType "swiss"]
[EventRounds "11"]
[EventCountry "ENG"]
[SourceTitle "EXT 2019"]
[Source "ChessBase"]
[SourceDate "2018.10.10"]
[SourceVersion "1"]
[SourceVersionDate "2018.10.10"]
[SourceQuality "1"]

1. e4 c5 2. Nf3 b6 3. d4 cxd4 4. Nxd4 Bb7 5. Nc3 e6 6. Bd3 Bc5 7. Be3 Nf6 8. e5 Nd5 9. Nxd5 Bxd5 10. Qg4 g6 11. Nb5 Nc6 12. Bxc5 Nxe5 13. Nd6+ Kf8 14. Nc4+ bxc5 15. Nxe5 d6 16. Nc4 h5 17. Qg3 Bxc4 18. Bxc4 d5 19. Qc3 Kg8 20. Be2 Qg5 21. 0-0 Kh7 22. Rad1 d4 23. Qf3 f5 24. Qc6 Rhe8 25. Qxc5 1-0